Loading...

Law of business contracts in India

Bibliographic Details
Format: Printed Book
Language:English
Published: N.Delhi Sage 2009
Subjects:
LEADER 00514nam a22001577a 4500
003 OSt
008 110222t xxu||||| |||| 00| 0 eng d
020 |a 9788132102236 
080 |a 347.44(540)  |b BHA 
245 |a Law of business contracts in India  |c edited by Sairam Bhat 
260 |a N.Delhi  |b Sage  |c 2009 
300 |a xxi,312p. 
653 |a Contract law_India 
942 |c BK  |6 _ 
999 |c 200024  |d 200024 
952 |0 0  |1 0  |4 0  |6 34744540_BHA  |7 0  |8 GEN  |9 255948  |a SLS  |b SLS  |d 2011-02-22  |o 347.44(540) BHA  |p SLS027816  |r 2013-10-05  |w 2013-10-05  |y BK